00721nam a22001697a 4500003000900000008004100009040007100050082002500121100004300146245005800189260002800247300002800275505019400303650001100497650001300508650003000521AR-CdUCM190329b ||||| |||| 00| 0 spa d aMUNICIPALIDAD PROVINCIAL DEL CUSCOcBIBLIOTECA MUNICIPAL DEL CUSCO a985.04 /bP91 / 1970 aPuente Candamo, José Agustín de la aNotas sobre la causa de la independencia del Perú / aLima :bStudium,c1970. a208 páginas ;c21 cm. aContenido: La vocación mestiza del Perú -- Nuestra historia -- Sobre el estudio de la causa -- Ideas iniciales sobre la Independencia -- La independencia y el Perú del siglo XVIII ... aPerú aHistoria aEmancipación, 1808-1824